000 00257nam a22001217a 4500
008 170203b xxu||||| |||| 00| 0 eng d
041 _aeng
080 _a61
100 _a3
101 _aSHM
245 _aEVALUATION STUDIES
_cMARK ABRAMSON
942 _2udc
_cBK
999 _c4532
_d4532